Mitigating land degradation and improving livelihoods: an integrated watershed approach (Record no. 51336)

MARC details
000 -LEADER
fixed length control field 00660nam a2200157 a 4500
008 - FIXED-LENGTH DATA ELEMENTS--GENERAL INFORMATION
fixed length control field 161031s2015 ||||||||||||||||| || u
020 ## - INTERNATIONAL STANDARD BOOK NUMBER
International Standard Book Number 9781138785199
050 ## - LIBRARY OF CONGRESS CALL NUMBER
Classification number GE 140 Mit
100 ## - MAIN ENTRY--PERSONAL NAME
Personal name Bayu, Wondimu
245 10 - TITLE STATEMENT
Title Mitigating land degradation and improving livelihoods: an integrated watershed approach
Statement of responsibility, etc. edited by Feras Ziadat and Wondimu Bayu
260 ## - PUBLICATION, DISTRIBUTION, ETC.
Place of publication, distribution, etc. New York
Name of publisher, distributor, etc. Roultedge
Date of publication, distribution, etc. 2015
300 ## - PHYSICAL DESCRIPTION
Extent xiv, 262p.:ill.
650 ## - SUBJECT ADDED ENTRY--TOPICAL TERM
Topical term or geographic name entry element LAND DEGRADATION--ENVIRONMENTAL ASPECTS
700 ## - ADDED ENTRY--PERSONAL NAME
Personal name Ziadat, Feras
995 ## - RECOMMENDATION 995 [LOCAL, UNIMARC FRANCE]
-- CBU-MAIN LIBRARY (Kitwe)
-- 1
-- AVAILABLE
-- Jan 23, 2017
-- Main Library Open Access Collection
Holdings
Withdrawn status Lost status Source of classification or shelving scheme Damaged status Not for loan Home library Current library Shelving location Date acquired Total Checkouts Full call number Barcode Date last seen Price effective from Koha item type
          CBU-MAIN LIBRARY, KITWE. CBU-MAIN LIBRARY, KITWE.   11/30/2022   GE 140 Mit 746989 11/30/2022 11/30/2022 MONOGRAPH